Vocabulaire de Noël en Anglais : Traduis-les - Statistiques

Statistiques générales
  • Ce quiz a été pris 96 fois
  • Le résultat moyen est 5 sur 10
Statistiques - réponses
Mot Traduction % Correct
Noël Christmas
100%
Froid Cold
100%
Famille Family
97%
Neige Snow
95%
Cadeau Gift
90%
Étoile Star
90%
Vin Wine
90%
Cloche Bell
86%
Chocolat Chaud Hot Chocolate
86%
Chaussettes Stocking / Socks
86%
Glace Ice
81%
Bougie Candle
78%
Sapin de Noël Christmas tree
78%
Bonhomme de Neige Snowman
75%
Écharpe Scarf
73%
Père Noël Santa Claus
69%
Champagne Champagne
68%
Dinde Turkey
67%
Marché de Noël Christmas market
59%
Biscuit Cookie
45%
Renne Reindeer
45%
Réveillon Christmas Eve
33%
Flocon Snowflake
29%
Ruban Ribbon
26%
Lutin Elf
24%
Papier Cadeau Wrapping paper
19%
Chant de Noël Carol
18%
Givre Frost
13%
Traîneau Sleigh
10%
Guirlande Garland
5%
Houx Holly
4%
Boule de Noël Bauble
0%
Bonnet Beanie
0%
Guirlande Lumineuse Fairy lights
0%
Hotte Sack
0%
Bûche Yule log
0%
Aucun quiz correspondant
Distribution des résultats
% des personnes avec chaque résultat
Percentile par nombre de réponses
Votre historique - résultats
Vous n’avez pas pris ce quiz